College Mathematics (Record no. 18872)
[ view plain ]
| 000 -LEADER | |
|---|---|
| fixed length control field | 00395nam a22001577a 4500 |
| 008 - FIXED-LENGTH DATA ELEMENTS--GENERAL INFORMATION | |
| fixed length control field | 210408b xxu||||| |||| 00| 0 eng d |
| 020 ## - INTERNATIONAL STANDARD BOOK NUMBER | |
| International Standard Book Number | 0136116329 |
| 050 ## - LIBRARY OF CONGRESS CALL NUMBER | |
| Classification number | QA39.2 |
| Item number | .C54 2914 c.1 |
| 100 ## - MAIN ENTRY--PERSONAL NAME | |
| Personal name | Cleaves, Cheryl |
| 245 ## - TITLE STATEMENT | |
| Title | College Mathematics |
| 250 ## - EDITION STATEMENT | |
| Edition statement | 9th ed. |
| 260 ## - PUBLICATION, DISTRIBUTION, ETC. (IMPRINT) | |
| Place of publication, distribution, etc. | Boston |
| Name of publisher, distributor, etc. | Pearson |
| Date of publication, distribution, etc. | 2014 |
| 300 ## - PHYSICAL DESCRIPTION | |
| Extent | 3 vol (various paging) |
| 700 ## - ADDED ENTRY--PERSONAL NAME | |
| Personal name | Margie Hobbs |
| 942 ## - ADDED ENTRY ELEMENTS (KOHA) | |
| Source of classification or shelving scheme | Library of Congress Classification |
| Koha item type | General Collection |
| Withdrawn status | Lost status | Source of classification or shelving scheme | Not for loan | Home library | Current library | Date acquired | Total Checkouts | Full call number | Barcode | Date last seen | Price effective from | Koha item type |
|---|---|---|---|---|---|---|---|---|---|---|---|---|
| Library of Congress Classification | Kabarak, Main Campus | Kabarak, Main Campus | 08/04/2021 | QA39.2 .C54 2914 c.1 | 029702 | 08/04/2021 | 08/04/2021 | General Collection | ||||
| Library of Congress Classification | Kabarak, Main Campus | Kabarak, Main Campus | 08/04/2021 | QA39.2 .C54 2914 c.2 | 029703 | 08/04/2021 | 08/04/2021 | General Collection | ||||
| Library of Congress Classification | Kabarak, Main Campus | Kabarak, Main Campus | 08/04/2021 | QA39.2 .C54 2914 c.3 | 029704 | 08/04/2021 | 08/04/2021 | General Collection |